मैं ऐसी ही हूँ (Record no. 6595)

MARC details
000 -LEADER
fixed length control field 01139 a2200241 4500
005 - DATE AND TIME OF LATEST TRANSACTION
control field 20080912100940.0
008 - FIXED-LENGTH DATA ELEMENTS--GENERAL INFORMATION
fixed length control field 080912t xxu||||| |||| 00| 0 hin d
010 ## - LIBRARY OF CONGRESS CONTROL NUMBER
LC control number HIN-80662
020 ## - INTERNATIONAL STANDARD BOOK NUMBER
International Standard Book Number 8177111574
Terms of availability 150.00
035 ## - SYSTEM CONTROL NUMBER
System control number HN-53008
037 ## - SOURCE OF ACQUISITION
Source of stock number/acquisition D.B.Act / pub
082 ## - DEWEY DECIMAL CLASSIFICATION NUMBER
Classification number
100 ## - MAIN ENTRY--PERSONAL NAME
Personal name सक्सेना, ईश्वर चन्द्र
245 ## - TITLE STATEMENT
Title मैं ऐसी ही हूँ
Remainder of title ईश्वर चन्द्र सक्सेना
246 ## - VARYING FORM OF TITLE
Title proper/short title Main Asi hi hun
Remainder of title by Ishawar Chander Saxsena
260 ## - PUBLICATION, DISTRIBUTION, ETC. (IMPRINT)
Place of publication, distribution, etc जयपुर
Name of publisher, distributor, etc साहित्यागार
Date of publication, distribution, etc 2007
270 ## - ADDRESS
Address 958,धामाणी मार्केट की गली चौड़ा रास्ता
City जयपुर
300 ## - PHYSICAL DESCRIPTION
Extent 135पृ
Dimensions 22सेमी (सजिल्द)
650 ## - SUBJECT ADDED ENTRY--TOPICAL TERM
Topical term or geographic name as entry element हिन्दी कहानियाँ
650 ## - SUBJECT ADDED ENTRY--TOPICAL TERM
Topical term or geographic name as entry element Hindi Stories
942 ## - ADDED ENTRY ELEMENTS (KOHA)
Institution code [OBSOLETE] dpl
Koha item type Hindi Books
Call number prefix क / सक्सेना
Source of classification or shelving scheme Dewey Decimal Classification
Classification part
Call number suffix सक्सेना
Holdings
Withdrawn status Lost status Damaged status Not for loan Home library Current library Date acquired Cost, normal purchase price Total Checkouts Full call number Barcode Date last seen Copy number Uniform Resource Identifier Cost, replacement price Price effective from Koha item type
        D.B.Act.Division D.B.Act.Division 12/09/2008 150.00   क सक्सेना HN-53008 15/09/2008 1 7091 150.00 15/09/2008 Hindi Books

© Delhi Public Library
Hit Counter
free hit counter